[Event "Vladimir Zak mem"]
[Site "St Petersburg RUS"]
[Date "2007.03.30"]
[Round "7"]
[White "Savinov,L"]
[Black "Palchun,G"]
[Result "0-1"]
[WhiteElo "2159"]
[BlackElo "2047"]

1.d4 d5 2.c4 c6 3.Nf3 Nf6 4.g3 a6 5.c5 g6 6.Bg2 Bg7 7.O-O O-O 8.Nc3 Nbd7
9.Qd3 Ne8 10.e4 dxe4 11.Qxe4 Ndf6 12.Qh4 Nc7 13.Bh6 Be6 14.Bxg7 Kxg7 15.Rfe1 h6
16.Qf4 Ncd5 17.Qd2 Qc7 18.Ne5 Rad8 19.Rad1 Qa5 20.Nxg6 Kxg6 21.Nxd5 Qxd2
22.Nxe7+ Kg7 23.Rxd2 Rd7 24.Nxc6 bxc6 25.Bxc6 Rdd8 26.b4 Bd5 27.Bxd5 Rxd5
28.Re5 Rfd8 29.Rxd5 Nxd5 30.a3 Kf6 31.Rd3 Ke6 32.Kf1 Nf6 33.Ke2 Ne4 34.f3 Nf6
35.Re3+ Kd5 36.Kd3 Re8 37.Rxe8 Nxe8 38.a4 Nc7 39.h4 Ne6 40.b5 axb5 41.axb5 Nxd4
42.b6 Ne6 43.Ke3 Nxc5 44.Kf4 Ke6 45.Kg4 Kf6 46.Kh5 Kg7 47.g4 Nd7 48.g5 Nxb6
49.gxh6+ Kf6 50.Kg4 Kg6 51.Kf4 Nd7 52.h7 Kxh7 53.Kg5 Kg7 54.Kh5 Nf8 55.Kg5 f6+
56.Kf5 Kf7 57.Kg4 Kg6 58.Kf4 Ne6+ 59.Kg4 f5+ 60.Kh3 Kh5 61.Kg3 f4+  0-1

[Event "30th Open"]
[Site "San Sebastian ESP"]
[Date "2007.04.04"]
[Round "4"]
[White "Fosser,G"]
[Black "Diez Viera,O"]
[Result "0-1"]
[WhiteElo "2028"]
[BlackElo "1798"]

1.d4 d5 2.Nf3 Nf6 3.c4 c6 4.g3 e6 5.Bg2 dxc4 6.Ne5 c5 7.Qa4+ Nbd7 8.O-O cxd4
9.Nxc4 Bc5 10.b4 Be7 11.Rd1 Rb8 12.Bf4 b5 13.Qxa7 bxc4 14.Bxb8 Bxb4 15.Qa4 Qa5
16.Qc6 O-O 17.Bc7 Qc5 18.Qxc5 Bxc5 19.Nd2 Ba6 20.Ne4 Nxe4 21.Bxe4 c3 22.Bd3 Bxd3
23.Rxd3 Rc8 24.Ba5 Ne5 25.Rb1 Nxd3 26.Rb5 c2 27.Bd2 Bb4  0-1

[Event "ch-Catalonia"]
[Site "Barcelona ESP"]
[Date "2007.04.05"]
[Round "5"]
[White "Perez Calahorra,R"]
[Black "Lorente Munoz,R"]
[Result "1-0"]
[WhiteElo "2136"]
[BlackElo "1966"]

1.d4 d5 2.c4 c6 3.Nf3 Nf6 4.g3 e6 5.Bg2 dxc4 6.O-O Nbd7 7.Qc2 Be7 8.Qxc4 O-O
9.Nc3 Re8 10.e4 h6 11.Bf4 Nf8 12.Ne5 Qa5 13.a3 a6 14.Rfd1 N6d7 15.b4 Qd8
16.d5 cxd5 17.exd5 Bf6 18.dxe6 Rxe6 19.Nxd7 Nxd7 20.Bd5 Nb6 21.Bxe6 Qxd1+
22.Rxd1 Nxc4 23.Bxc4 Bxc3 24.Rd8+ Kh7 25.Bxf7 Bb2 26.Be6 Bxe6 27.Rxa8 Bxa3
28.b5 Bc4 29.b6 Bb2 30.Rc8 Bd5 31.Rc5 Bf3 32.Be5 Ba3 33.Rc3 Bb2 34.Rxf3 Bxe5
35.Rf7 Bd4 36.Rxb7 a5 37.Rb8 a4 38.b7  1-0

[Event "1st Archil Ebralidze Mem"]
[Site "Tbilisi GEO"]
[Date "2007.04.07"]
[Round "7"]
[White "Magalashvili,D"]
[Black "Ter Karapetian,Ar"]
[Result "1/2-1/2"]
[WhiteElo "2474"]
[BlackElo "2103"]

1.d4 d5 2.c4 c6 3.Nf3 Nf6 4.Qb3 Nbd7 5.Nc3 e6 6.Bg5 Be7 7.e3 O-O 8.Rd1 Ne4
9.Bxe7 Qxe7 10.Bd3 dxc4 11.Qxc4 Nxc3 12.Qxc3 c5 13.O-O b6 14.Qc2 h6 15.Bh7+ Kh8
16.Be4 Rb8 17.Bc6 Bb7 18.Bxb7 Rxb7 19.dxc5 Qxc5 20.Qxc5 Nxc5  1/2-1/2

[Event "8th ch-Euro"]
[Site "Dresden GER"]
[Date "2007.04.09"]
[Round "7"]
[White "Kunin,V"]
[Black "Kacheishvili,G"]
[Result "0-1"]
[WhiteElo "2507"]
[BlackElo "2587"]

1.d4 Nf6 2.Nf3 d5 3.c4 c6 4.Qc2 dxc4 5.Qxc4 Bf5 6.g3 e6 7.Bg2 Nbd7 8.Nc3 Be7
9.O-O O-O 10.Re1 Ne4 11.Qb3 Qb6 12.Nh4 Bxh4 13.gxh4 Nxc3 14.bxc3 e5 15.e4 Be6
16.Qd1 Rad8 17.Be3 Qa5 18.Rc1 Rfe8 19.Kh1 Nb6 20.Qf3 Nc4 21.Rg1 Nxe3 22.fxe3 Kh8
23.Qh5 f6 24.c4 Qxa2 25.d5 Bg8 26.d6 Bxc4 27.Ra1 Bf7 28.Qf5 Qe6 29.Rxa7 Qxd6
30.Rxb7 Re7 31.Rb2 Qc5 32.Qf2 Rc7 33.Bf3 Qe7 34.h5 h6 35.Rgb1 c5 36.Rb8 c4
37.Qd2 Rcc8 38.Rxc8 Rxc8 39.Bg4 Be6 40.Bxe6 Qxe6 41.Qd5 Qg4 42.Rg1 Qf3+ 43.Rg2 Rb8  0-1

[Event "8th ch-Euro"]
[Site "Dresden GER"]
[Date "2007.04.12"]
[Round "9"]
[White "Miroshnichenko,E"]
[Black "Korneev,O"]
[Result "0-1"]
[WhiteElo "2646"]
[BlackElo "2565"]

1.d4 d5 2.c4 c6 3.Nf3 Nf6 4.Qc2 g6 5.Bf4 Bg7 6.e3 O-O 7.Nbd2 Na6 8.Rc1 c5
9.cxd5 Nxd5 10.Bxa6 bxa6 11.Qxc5 Nxf4 12.exf4 Bh6 13.Qe5 Be6 14.O-O Qb8 15.Rc7 Qxb2
16.Rxe7 Bg7 17.Qa5 Qb6 18.Nb3 Bf6 19.Qxb6 axb6 20.Rc7 Rfc8 21.Rfc1 Rxc7 22.Rxc7 Rc8
23.Rxc8+ Bxc8 24.Kf1 Kf8 25.Ke2 Ke7 26.Ng5 Bxg5 27.fxg5 Be6 28.Nc1 Kd6 29.Kd3 b5
30.Kc3 Bc4 31.a3 Kd5 32.f3 a5 33.h4 b4+ 34.axb4 axb4+ 35.Kxb4 Kxd4 36.g3 Bd5
37.Ne2+ Ke3 38.Nf4 Ba2 39.Kc5 Kxf3 40.Kd4 Kxg3 41.Ke5 Bc4 42.h5 Kg4 43.hxg6 hxg6
44.Kd4  0-1

[Event "8th ch-Euro"]
[Site "Dresden GER"]
[Date "2007.04.12"]
[Round "9"]
[White "Georgiev,Vl"]
[Black "Bocharov,D"]
[Result "1/2-1/2"]
[WhiteElo "2540"]
[BlackElo "2614"]

1.d4 d5 2.c4 c6 3.Nf3 Nf6 4.Qc2 dxc4 5.Qxc4 e6 6.Bg5 b5 7.Qc2 Bb7 8.e3 Nbd7
9.Nbd2 Rc8 10.Be2 c5 11.d5 exd5 12.Bxb5 Be7 13.O-O O-O 14.Rfd1 h6 15.Bh4 a6
16.Bd3 Qb6 17.Bf5 Rcd8 18.e4 dxe4 19.Bxe4 Rfe8 20.Bxb7 Qxb7 21.Nc4 Nf8 22.Bxf6 gxf6
23.Ne3 Ne6 24.Ng4 Kg7 25.Ne3 Rg8 26.Nf5+ Kf8 27.Rxd8+ Bxd8 28.Rd1 Be7 29.Qb3 Qxb3
30.axb3 h5 31.Rd7 Bd8 32.h3 Ke8 33.Rd1 Bc7 34.Kf1 Be5 35.Nxe5 fxe5 36.Rd6 Rg5
37.Ne3 e4 38.Rxa6 Ke7 39.h4 Re5 40.Ra7+ Ke8 41.g3 f5 42.Ra5 f4 43.gxf4 Nxf4
44.b4 Nd3 45.Nc4 Re6 46.bxc5 Rf6 47.Nd6+ Kd7 48.Nxe4 Rf4 49.Ke2 Nxb2 50.Ke3 Rxh4
51.Kd4 Rh3 52.Ra7+ Kc6 53.Ra6+ Kc7 54.Nf6 Rh4+ 55.Ne4 Rh3 56.Nf6 Rh4+ 57.Kd5 Nd3
58.Ra7+ Kb8 59.Rf7 Nb4+ 60.Ke6 Rh1 61.Nd7+ Kc8 62.Nb6+ Kb8 63.Nd7+ Kc8 64.Ne5 h4
65.Rh7 h3 66.f4 h2 67.f5 Re1 68.Rxh2 Nd3 69.Rh8+ Kc7 70.Rh7+ Kc8 71.Rh8+ Kc7
72.Rh7+ Kc8 73.f6 Rxe5+ 74.Kd6 Rxc5 75.f7 Rf5 76.Rh8+ Kb7 77.f8=Q Rxf8 78.Rxf8 Kb6
79.Rb8+ Ka5 80.Kd5 Nb4+ 81.Kc4 Nc6 82.Rb1 Ne5+ 83.Kd4 Nd7 84.Kd5 Nb6+ 85.Kc6 Na4
86.Rb3 Ka6 87.Rb5 Nc3 88.Rc5 Na4 89.Rh5 Nc3 90.Rg5 Na4 91.Rb5 Nc3 92.Rb3 Na4
93.Rb1 Ka5 94.Rb8 Nc3 95.Rb3 Na4 96.Kd6 Ka6 97.Kd5 Ka5 98.Rb8 Nb6+ 99.Kc6 Na4
100.Rb5+ Ka6 101.Rb1 Ka5 102.Rb5+ Ka6 103.Rf5 Nc3 104.Kc5 Na4+ 105.Kb4 Nb6
106.Rf7 Nd5+ 107.Kc4 Nb6+ 108.Kb4 Nd5+ 109.Kc5 Nc3 110.Rf5 Na4+ 111.Kc6 Nc3
112.Rf8 Ka5 113.Rf4 Na4 114.Rc4 Nb6 115.Rc5+ Ka6 116.Rg5 Na4 117.Kc7 Nc3
118.Rh5 Na4 119.Kc6 Nc3 120.Rh3  1/2-1/2

[Event "8th ch-Euro"]
[Site "Dresden GER"]
[Date "2007.04.12"]
[Round "9"]
[White "Agrest,E"]
[Black "Jaracz,P"]
[Result "1/2-1/2"]
[WhiteElo "2561"]
[BlackElo "2490"]

1.d4 d5 2.Nf3 Nf6 3.c4 c6 4.Qb3 dxc4 5.Qxc4 Bg4 6.Nbd2 Nbd7 7.g3 e6 8.Bg2 Be7
9.O-O O-O 10.Qb3 Qb6 11.Nc4 Qa6 12.Re1 Rfd8 13.Bf4 Bxf3 14.Bxf3 Nb6 15.Nxb6 Qxb6
16.Red1 Qxb3 17.axb3 Nd5 18.Bd2 Rd7 19.Ba5 Bf6 20.e3 a6 21.h4 g6 22.Kg2 h5
23.Be2 Bd8 24.Be1 Bf6 25.Kf3 Ne7 26.Bd3 Kg7 27.Ke2 Rad8 28.Ba5 Re8 29.Be4 Nf5
30.Rac1 Ne7 31.Bg2 Nd5 32.Rc4 Bd8 33.Bd2 Bf6 34.Bh3 Nb6 35.Rcc1 Nd5 36.Rh1 Rh8
37.Rcd1 Ne7 38.Be1 Nf5 39.Bg2 Rhd8 40.Ba5 Re8 41.Rd3 Bd8 42.Bc3 Bf6 43.Rhd1 Red8
44.Bf3 Nd6 45.Ba5 Re8 46.Kf1 Nf5 47.Bg2 Rc8 48.e4 Nxd4 49.Bb6 Rcd8 50.f4 e5
51.Bh3 Rd6 52.Bxd8 Rxd8 53.b4 Kf8 54.R1d2 Ke8 55.Kg2 Be7 56.fxe5 Bxb4 57.Rf2 Ke7
58.Rd1 Bc5 59.Rf6 Ne6 60.Rc1 Rd2+ 61.Kh1 Bd4 62.Rcf1 Nd8 63.Rd6 c5 64.Bc8 Rxb2
65.Rd7+ Ke8 66.e6 fxe6 67.Rh7 Rf2 68.Rxf2 Bxf2 69.Kg2 Bd4 70.Bxb7 Nf7 71.e5 c4
72.Be4 Nxe5 73.Rh8+ Ke7 74.Ra8 c3 75.Rxa6 Nc4 76.Ra3 Ne3+ 77.Kf3 Nf5 78.Ra5 Kf6
79.Ra6  1/2-1/2

[Event "8th ch-Euro"]
[Site "Dresden GER"]
[Date "2007.04.14"]
[Round "11"]
[White "Agrest,E"]
[Black "Skoberne,J"]
[Result "0-1"]
[WhiteElo "2561"]
[BlackElo "2440"]

1.d4 d5 2.Nf3 Nf6 3.c4 c6 4.Qb3 dxc4 5.Qxc4 Bf5 6.g3 e6 7.Bg2 Nbd7 8.Nc3 Be7
9.Qb3 Qb6 10.Nd2 O-O 11.Nc4 Qa6 12.e4 Bg6 13.Bg5 h6 14.Bh4 Rfe8 15.e5 Bd3
16.Ne3 g5 17.exf6 Bxf6 18.O-O-O Bxd4 19.Qb4 Bc5 20.Qa4 Nf6 21.Ng4 Nxg4 22.Qxg4 Bf5
23.Qf3 Qc4 24.h3 gxh4 25.Bf1 Qb4 26.Bd3 Bxd3 27.Rxd3 Rad8 28.Rhd1 Be7 29.gxh4 Rxd3
30.Qxd3 Rd8 31.Rg1+ Kf8 32.Qf3 Qd4 33.Ne4 Qc4+ 34.Nc3 Rd3 35.Qg4 Qxg4 36.hxg4 Bxh4
37.Ne4 Rf3 38.Kc2 f5 39.gxf5 exf5 40.Nd6 Rxf2+ 41.Kd3 Rxb2 42.Nxf5 Bg5 43.a4 Kf7
44.Nd4 Rb4 45.a5 a6 46.Nf5 Ke6  0-1

[Event "8th ch-Euro"]
[Site "Dresden GER"]
[Date "2007.04.14"]
[Round "11"]
[White "Urban,K"]
[Black "Eichner,S"]
[Result "1-0"]
[WhiteElo "2464"]
[BlackElo "2286"]

1.d4 d5 2.c4 c6 3.Nf3 Nf6 4.Qb3 dxc4 5.Qxc4 Bf5 6.g3 e6 7.Bg2 Nbd7 8.O-O Be7
9.Nc3 O-O 10.Re1 Ne4 11.Qb3 Qb6 12.Qxb6 Nxb6 13.g4 Bg6 14.Ne5 Nxc3 15.bxc3 Bc2
16.Nd3 Na4 17.Bd2 Ba3 18.Nb4 Bg6 19.Bc1 Bxb4 20.cxb4 Rfd8 21.e3 Rd7 22.f3 Bd3
23.Kf2 Bb5 24.g5 Rad8 25.h4 Kf8 26.Bh3 Rd5 27.Bg2 R5d7 28.Kg3 Ke7 29.Rh1 f6
30.Kf2 e5 31.gxf6+ gxf6 32.dxe5 fxe5 33.e4 Rf8 34.Bg5+ Ke8 35.Rhd1 Nb2 36.Rxd7 Kxd7
37.Bh3+ Kc7 38.Bf5 Rf7 39.Rb1 Na4 40.Be6 Nc3 41.Bxf7 Nxb1 42.h5 Na3 43.Bg8 Bc4
44.Bxh7 Bxa2 45.h6 Kd6 46.Bf5 Bg8 47.h7 Bxh7 48.Bxh7 c5 49.bxc5+ Kc6 50.Bf6 Nc4
51.Bg8 Nb2 52.Ke2 Na4 53.Bxe5 Nxc5 54.Bd5+ Kd7 55.Bd4  1-0

[Event "Chess Classic Open"]
[Site "Gausdal NOR"]
[Date "2007.04.18"]
[Round "1"]
[White "Kvisla,J"]
[Black "Welling,G"]
[Result "1/2-1/2"]
[WhiteElo "2134"]
[BlackElo "2384"]

1.d4 d5 2.Nf3 Nf6 3.c4 c6 4.Qc2 g6 5.Bf4 Bg7 6.e3 O-O 7.Nc3 c5 8.cxd5 cxd4
9.exd4 Nxd5 10.Nxd5 Qxd5 11.Bc4 Qf5 12.Qxf5 Bxf5 13.Ne5 Nd7 14.O-O Nb6 15.Bb3 Rad8
16.Rfd1 Nd5 17.Bg3 Bh6 18.h3 e6 19.Bh4 g5 20.Bg3 Nf4 21.Bc4 Bg7 22.Nf3 h6
23.Rac1 Be4 24.Bxf4 gxf4 25.Ne5 Bd5 26.Re1 Bc6 27.Nxc6 bxc6 28.Re4 Rxd4 29.Rxd4 Bxd4
30.b3 Rd8 31.Kf1 Kg7 32.Ke2 Rd6 33.Rd1 e5 34.f3 f5 35.Bd3 Kf6 36.Rc1 Re6
37.Rc4 c5 38.Ra4 e4 39.Bc4 exf3+ 40.Kxf3 Re3+ 41.Kxf4 Re4+ 42.Kf3 Kg5 43.g3 Re3+
44.Kg2 f4 45.gxf4+ Kxf4 46.Rxa7 Rg3+ 47.Kf1 Rxh3 48.Rf7+ Kg3 49.Ke1 h5 50.Be2 Rh1+
51.Kd2 h4 52.Rf3+ Kg2 53.Rf4 Ra1 54.Rxh4  1/2-1/2

[Event "XIII Open"]
[Site "Cutro ITA"]
[Date "2007.04.27"]
[Round "5"]
[White "Agrest,E"]
[Black "Agrest,S"]
[Result "1-0"]
[WhiteElo "2561"]
[BlackElo "2257"]

1.d4 d5 2.Nf3 Nf6 3.c4 c6 4.Qc2 e6 5.Bg5 h6 6.Bh4 dxc4 7.Qxc4 b5 8.Qc2 Bb7
9.e3 Nbd7 10.Bd3 Rc8 11.Qe2 b4 12.e4 c5 13.e5 g5 14.exf6 gxh4 15.Qxe6+ Be7
16.Qxe7+ Qxe7+ 17.fxe7 h3 18.Nbd2 hxg2 19.Rg1 c4 20.Be4 Ba6 21.Rxg2 Nf6 22.Bf5 Rc7
23.Ne5 Kxe7 24.Rg7 Kf8 25.Rg3 Ke7 26.O-O-O Rd8 27.Ne4 Nxe4 28.Bxe4 Kf8 29.Bh7  1-0

[Event "TCh-RUS HL"]
[Site "Sochi RUS"]
[Date "2007.05.03"]
[Round "1"]
[White "Slugin,S"]
[Black "Shkurikhin,I"]
[Result "1/2-1/2"]
[WhiteElo "2383"]
[BlackElo "2353"]

1.Nf3 d5 2.d4 Nf6 3.c4 c6 4.Qc2 g6 5.Bf4 Bg7 6.e3 O-O 7.Nc3 a6 8.Bd3 Nbd7
9.cxd5 cxd5 10.O-O Nb8 11.h3 Nc6 12.a3 Be6 13.Na4 Nd7 14.Ng5 Rc8 15.Nc3 b5
16.Qe2 Nb6 17.Nxe6 fxe6 18.Qg4 Qd7 19.Rfd1 e5 20.Qxd7 Nxd7 21.dxe5 e6 22.a4 b4
23.Bxa6 bxc3 24.Bxc8 Rxc8 25.bxc3 Ndxe5 26.Bxe5 Bxe5 27.a5 Kf8 28.a6 Rc7
29.Ra4 Ke7 30.c4 Kd6 31.cxd5 exd5 32.f4 Bc3 33.Kf2 Bb4 34.Kf3 Bc5 35.e4 d4
36.Rc4 Rf7 37.Kg4 Na5 38.Rcxd4+ Bxd4 39.Rxd4+ Kc6 40.Kg5 Nb3 41.Ra4 Ra7 42.Kh6 Nc5
43.Rc4 Kb5 44.Rd4 Kxa6 45.f5 gxf5 46.exf5 Rf7 47.g4 Kb5 48.Rd8 Ne4 49.Rh8 Nf6
50.g5 Ne4 51.g6 hxg6 52.fxg6 Rf3 53.h4 Nd6 54.h5 Kc6 55.Ra8 Kd7 56.Kh7 Rh3
57.Ra5 Ne8 58.g7 Nxg7 59.Kxg7 Rg3+ 60.Kh7 Ke7  1/2-1/2

[Event "TCh-RUS HL"]
[Site "Sochi RUS"]
[Date "2007.05.04"]
[Round "2"]
[White "Dmitrienko,And"]
[Black "Chuprikov,D"]
[Result "0-1"]
[WhiteElo "2301"]
[BlackElo "2394"]

1.d4 d5 2.c4 c6 3.Nf3 dxc4 4.e3 Be6 5.Qc2 Nf6 6.Bxc4 Bxc4 7.Qxc4 Qa5+ 8.Nc3 Qa6
9.b3 e6 10.Bd2 Ba3 11.Rb1 O-O 12.Ne5 Be7 13.b4 Nd5 14.Qxa6 Nxa6 15.Nxd5 cxd5
16.b5 Nc7 17.Ke2 Rfc8 18.Rhc1 Ne8 19.a4 f6 20.Nd3 Kf7 21.Nc5 b6 22.Na6 Nd6
23.f3 Rc4 24.Rxc4 Nxc4 25.Kd3 Rc8 26.Bb4 h5 27.e4 Bd6 28.Bxd6 Nxd6 29.exd5 exd5
30.Nb4 Rc4 31.g4 h4 32.h3 g5 33.Nxd5 Rxa4 34.Nc3 Ra3 35.d5 Ke7 36.Kd4 Kd7
37.f4 gxf4 38.Rf1 f3 39.Rb1 f2 40.Rf1 Rb3 41.Ne2 Rf3 42.Nc3 Rxh3 43.Nd1 Rf3
44.Ne3 h3 45.Rh1 Rg3  0-1

[Event "ch-LTU"]
[Site "Siauliai LTU"]
[Date "2007.05.05"]
[Round "2"]
[White "Sakalauskas,V"]
[Black "Beinoras,M"]
[Result "0-1"]
[WhiteElo "2423"]
[BlackElo "2254"]

1.d4 d5 2.c4 c6 3.Nf3 Nf6 4.Qc2 dxc4 5.Qxc4 Bf5 6.g3 e6 7.Bg2 Be7 8.Nc3 Ne4
9.O-O O-O 10.e3 Nd7 11.Nd2 Nxd2 12.Bxd2 e5 13.e4 exd4 14.exf5 dxc3 15.Bxc3 Bf6
16.Rad1 Bxc3 17.Qxc3 Qc7 18.Rd4 Nf6 19.g4 h6 20.h4 Rad8 21.Bf3 Rxd4 22.Qxd4 Rd8
23.Qxa7 Rd3 24.Be2 Rh3 25.f4 Nxg4 26.Bxg4 Rg3+ 27.Kh2 Rxg4 28.Kh3 h5 29.Qf2 Qd7
30.Kh2 Qxf5 31.Rg1 Rxf4  0-1

[Event "TCh-RUS HL"]
[Site "Sochi RUS"]
[Date "2007.05.07"]
[Round "5"]
[White "Raetsky,A"]
[Black "Sirotine,K"]
[Result "1/2-1/2"]
[WhiteElo "2420"]
[BlackElo "2411"]

1.d4 d5 2.c4 c6 3.Nf3 Nf6 4.Qc2 e6 5.Nbd2 Nbd7 6.g3 Bd6 7.Bg2 O-O 8.O-O Re8
9.b3 Qe7 10.Bb2 Ba3 11.Rfe1 Bxb2 12.Qxb2 b6 13.e4 dxe4 14.Nxe4 Nxe4 15.Rxe4 Bb7
16.Re3 c5 17.d5 Qf8 18.Bh3 Rad8 19.dxe6 fxe6 20.Ng5 Qf6 21.Qxf6 Nxf6 22.Rae1 h6
23.Bxe6+ Kf8 24.Nh3 Rd2 25.Nf4 g5 26.Nd5 Nxd5 27.cxd5 Bxd5 28.Bxd5  1/2-1/2

[Event "25th Liechtenstein Open"]
[Site "Triesen LIE"]
[Date "2007.05.12"]
[Round "2"]
[White "Raeber,M"]
[Black "Hera,I"]
[Result "0-1"]
[WhiteElo "2243"]
[BlackElo "2477"]

1.d4 d5 2.Nf3 Nf6 3.g3 c6 4.c4 dxc4 5.Bg2 e6 6.O-O b5 7.Ne5 Bb7 8.e4 Be7
9.Nc3 O-O 10.Be3 Nbd7 11.f4 b4 12.Na4 c5 13.Nxc4 cxd4 14.Qxd4 Bc6 15.b3 Ng4
16.e5 Bxa4 17.bxa4 Nxe3 18.Nxe3 Bc5 19.Qe4 Qb6 20.Rfe1 Rac8 21.Rad1 Rfd8
22.Bf1 Bxe3+ 23.Qxe3 Qxe3+ 24.Rxe3 Nc5 25.Rb1 a5 26.a3 Nxa4 27.axb4 Nc3 28.Rb3 axb4
29.Re1 Rd4 30.Ra1 h6 31.Rb2 Rb8 32.Rc1 Ra8 33.Bg2 Ra5 34.Bf3 g5 35.fxg5 hxg5
36.Re1 Na4 37.Ra2 b3 38.Ra3 b2 39.Rb3 Rd2 40.Rb1 Rc5  0-1

[Event "16th TCh-CRO"]
[Site "Sibenik CRO"]
[Date "2007.05.18"]
[Round "2"]
[White "Mabic,G"]
[Black "Solic,K"]
[Result "0-1"]
[WhiteElo "2123"]
[BlackElo "2147"]

1.d4 d5 2.c4 c6 3.Nf3 Nf6 4.Nbd2 e6 5.e3 a6 6.Bd3 Nbd7 7.b3 dxc4 8.bxc4 c5
9.O-O Be7 10.Bb2 O-O 11.Qe2 cxd4 12.exd4 b6 13.Rac1 Bb7 14.Rfd1 Re8 15.Bb1 Bf8
16.c5 Rc8 17.Nc4 Bd5 18.Nce5 bxc5 19.Ng5 Re7 20.dxc5 Nxc5 21.Ng4 Ncd7 22.Rxc8 Qxc8
23.Nxf6+ Nxf6 24.Bxf6 gxf6 25.Nxh7 Bg7 26.h4 Rb7 27.Bd3 Qb8 28.Qg4 Qe5 29.Rc1 Rb8
30.Kh1 f5 31.Qh5 Qf4 32.Rf1 Rb4 33.Ng5 Qxh4+  0-1

[Event "16th TCh-CRO"]
[Site "Sibenik CRO"]
[Date "2007.05.18"]
[Round "2"]
[White "Malenica,M"]
[Black "Margitic,Z"]
[Result "1/2-1/2"]
[WhiteElo "2167"]
[BlackElo "2170"]

1.d4 d5 2.Nf3 Nf6 3.c4 c6 4.g3 g6 5.cxd5 cxd5 6.Nc3 Bg7 7.Bg2 O-O 8.Ne5 Nc6
9.O-O Be6 10.Nxc6 bxc6 11.Na4 Nd7 12.Bf4 Rc8 13.Rc1 Bf5 14.Qd2 e5 15.dxe5 Nxe5
16.b3 Re8 17.Rfe1 h5 18.Nc5 Bf8 19.Bg5 Qd6 20.Bh6 Bxh6 21.Qxh6 Ng4 22.Qd2 h4
23.e4 hxg3 24.hxg3 Bd7 25.Nxd7 Qxd7 26.exd5 Nf6 27.Rxe8+ Nxe8 28.Qg5 c5 29.Re1 Qd6
30.Qe7 Qb6 31.Qd7 Nd6 32.Re7 a5 33.Rxf7 Nxf7 34.Qxc8+ Kg7 35.Bh3 Qb4 36.Qe8 Qd4
37.Qe7 Qd1+ 38.Bf1 a4 39.Qxc5 axb3 40.axb3 Qxb3 41.Qd4+ Kf8 42.Qc5+ Kg7 43.Qd4+ Kf8
44.d6 Qe6 45.d7 Ke7 46.Bc4 Qe1+ 47.Kg2 Nd8 48.Bb5 Qb1 49.Qe5+ Ne6 50.Qd5 Qf5
51.Qxf5 gxf5 52.Bd3 Nd4 53.Kh3 Kxd7 54.Kh4 Ke6 55.Kg5 Nf3+ 56.Kf4 Nd4 57.Bc4+ Kf6
58.Ke3 Nc6 59.Bd5 Ne7 60.Kd4 Kg5 61.Bf3 Ng6 62.Bd1 Kf6 63.f4 Nf8 64.Bb3 Ng6
65.Kc5 Ke7 66.Kd5 Kf6 67.Kd6 Nf8 68.Bc4 Ng6 69.Bb3 Nf8 70.Ba2 Ng6 71.Kd7 Ne7
72.Bb3 Ng6 73.Kd6 Nf8 74.Bg8 Ng6 75.Kd7 Nf8+ 76.Ke8 Ng6 77.Bb3 Ne7 78.Kd7 Ng6
79.Kd6  1/2-1/2

[Event "National Masters"]
[Site "Lisbon POR"]
[Date "2007.05.21"]
[Round "1"]
[White "Dias,P"]
[Black "Reis,Luis So"]
[Result "1-0"]
[WhiteElo "2417"]
[BlackElo "2250"]

1.d4 d5 2.Nf3 c6 3.c4 dxc4 4.e3 b5 5.a4 e6 6.axb5 cxb5 7.b3 Nf6 8.bxc4 b4
9.c5 a5 10.Ne5 Qc7 11.Qf3 Bb7 12.Bb5+ Kd8 13.Qg3 Ne4 14.Qh4+ Kc8 15.Qf4 Bd6
16.Qxf7 Bxe5 17.Qxe6+ Kd8 18.Qxe5 Qxe5 19.dxe5 Nxc5 20.Ke2 Bxg2 21.Rg1 Be4
22.Rxg7 Bg6 23.Bb2 Ne6 24.Rb7 Rf8 25.Nd2 Nc5 26.Rg7 Ne6 27.Rb7 Nc5 28.Rb6 Kc7
29.Rd6 Bh5+ 30.f3 Be8 31.Bxe8 Rxe8 32.Rc1 Na6 33.Nb3 a4 34.Nxc5 Nxc5 35.Rxc5+ Kb7
36.Rb5+ Kc7 37.Rxb4 a3 38.Rc4+ Kb7 39.Bd4  1-0

[Event "3rd UKR Games Men"]
[Site "Evpatoria UKR"]
[Date "2007.05.22"]
[Round "3"]
[White "Nyzhnyk,I"]
[Black "Shkuran,D"]
[Result "1/2-1/2"]
[WhiteElo "2344"]
[BlackElo "2420"]

1.d4 d5 2.c4 c6 3.Nf3 Nf6 4.Qc2 g6 5.Bf4 Bg7 6.e3 O-O 7.Nc3 Be6 8.c5 b6 9.cxb6 axb6
10.Be2 c5 11.O-O Nc6 12.Ne5 Na5 13.Rfd1 Bf5 14.Qd2 c4 15.b4 cxb3 16.axb3 Rc8
17.Qb2 Ne4 18.Nxe4 Bxe4 19.Rdc1 f6 20.Nf3 Qd7 21.Nd2 Bf5 22.b4 Nb7 23.Qb3 e5
24.Bg3 exd4 25.exd4 Bh6 26.Qa2 Be6 27.Bf3 Bf7 28.Re1 Rc3 29.Nf1 Rc4 30.Rab1 Nd6
31.Nd2 Rxd4 32.Nb3 Rc4 33.Rbd1 d4 34.Qa6 Nb5 35.Qxb6 Rxb4 36.Nc5 Qd8 37.Qb7 Qc8
38.Qb6 Qd8 39.Qb7  1/2-1/2

[Event "National Masters"]
[Site "Lisbon POR"]
[Date "2007.05.22"]
[Round "2"]
[White "Padeiro,J"]
[Black "Pereira,Rub"]
[Result "0-1"]
[WhiteElo "2274"]
[BlackElo "2327"]

1.d4 d5 2.Nf3 Nf6 3.c4 c6 4.Nbd2 Bf5 5.g3 e6 6.Bg2 Be7 7.O-O Ne4 8.Ne5 Nxd2
9.Qxd2 Nd7 10.Nxd7 Qxd7 11.b3 O-O 12.Bb2 a5 13.e3 Bg6 14.a4 Rfd8 15.Rfd1 Qc7
16.Ba3 Bf6 17.Rac1 Qb6 18.Qc3 h6 19.cxd5 exd5 20.Bc5 Qc7 21.Qd2 Re8 22.Re1 h5
23.h4 Be4 24.Qd1 g6 25.Bxe4 Rxe4 26.Qf3 Kg7 27.Kg2 Rae8 28.Rh1 R8e6 29.Rb1 Rg4
30.Ba3 Qd8 31.Bc5 Bxh4 32.Rxh4 Qxh4 33.b4 Rg5 34.bxa5 Rf6 35.Bf8+ Kxf8 36.Qxf6 Rxg3+
37.fxg3 Qxf6 38.Rxb7 Qf5 39.a6 Qc2+ 40.Kf3 Qc4  0-1

[Event "50th TCh-SRB Cup"]
[Site "Mataruska Banja SRB"]
[Date "2007.05.22"]
[Round "2"]
[White "Popov,Si1"]
[Black "Vajdic,N"]
[Result "1/2-1/2"]
[WhiteElo "2477"]
[BlackElo "2260"]

1.d4 d5 2.Nf3 c6 3.c4 Nf6 4.Qb3 e6 5.g3 Bd6 6.Bg2 O-O 7.O-O Nbd7 8.Nc3 dxc4
9.Qxc4 e5 10.Bg5 exd4 11.Qxd4 Be7 12.Rad1 h6 13.Bc1 Qa5 14.e4 Ng4 15.a3 Nde5
16.Nxe5 Qxe5 17.Qxe5 Nxe5 18.h3 Nc4 19.Rfe1 Be6 20.Nd5 Bd6 21.Nf4 Rfd8 22.Nxe6 fxe6
23.Bf1 Ne5 24.Kg2 Bc5 25.f4 Ng6 26.Bc4 Nf8 27.b4 Bd4 28.Rd3 Kf7 29.Red1 Bb6
30.Kf3 Rxd3+ 31.Rxd3 Rd8 32.Rxd8 Bxd8 33.Be3 b5 34.Bb3 a5 35.e5 axb4 36.axb4 Be7
37.Bd2 Nd7 38.Ba2 Nb6 39.f5 Nd5 40.Bxd5 cxd5 41.g4 Bh4 42.Be3 Be1 43.Bc5 Bc3
44.Bd6 h5 45.Ke3 hxg4 46.hxg4 g6 47.f6 g5 48.Kd3 Bb2 49.Kc2 Ba1  1/2-1/2

[Event "3rd UKR Games Men"]
[Site "Evpatoria UKR"]
[Date "2007.05.24"]
[Round "6"]
[White "Koziak,V"]
[Black "Kharchenko,B"]
[Result "1-0"]
[WhiteElo "2461"]
[BlackElo "2436"]

1.d4 d5 2.Nf3 Nf6 3.c4 c6 4.Qb3 dxc4 5.Qxc4 Bf5 6.g3 e6 7.Bg2 Nbd7 8.O-O Be7
9.Nc3 O-O 10.Re1 Ne4 11.Qb3 Qb6 12.Nh4 Qxb3 13.axb3 Bb4 14.Ra4 Bxc3 15.bxc3 Nxc3
16.Nxf5 exf5 17.Ra5 g6 18.Bb2 Nd5 19.Bxd5 cxd5 20.Rxd5 Nb6 21.Rb5 Rfd8 22.Ra1 Rd6
23.Rc1 Re8 24.Kf1 a6 25.Ba3 Rde6 26.d5 axb5 27.dxe6 Rxe6 28.Rc7 Nd5 29.Rxb7 Rb6
30.Rd7 b4 31.Bb2 Nc3 32.Rc7 Rd6 33.Bxc3 bxc3 34.Rxc3 Rd1+ 35.Kg2 Rb1 36.Kf3 Kg7
37.Ke3 g5 38.Kd4 Rb2 39.Re3 f4 40.gxf4 gxf4 41.Rf3 Kg6 42.Kc3 Rxe2 43.Rxf4 f5
44.b4 Kg5 45.Rf3 f4 46.b5 Kg4 47.Rd3 Rxf2 48.b6 Rf1 49.h3+ Kh4 50.Kc2 Re1
51.Rb3 Re8 52.Kd2 Rb8 53.Ke2 Rb7 54.Kf2 h6 55.Kg2 Rg7+ 56.Kh2 Rb7 57.Rb4 Kg5
58.Kg2 Kf5 59.Kf3 Ke5 60.Rb1 Kd5 61.Kxf4  1-0

[Event "3rd UKR Games Men"]
[Site "Evpatoria UKR"]
[Date "2007.05.25"]
[Round "7"]
[White "Kuzmin,Gen"]
[Black "Shkuran,D"]
[Result "1/2-1/2"]
[WhiteElo "2479"]
[BlackElo "2420"]

1.d4 d5 2.Nf3 Nf6 3.c4 c6 4.Qc2 g6 5.e3 Bg7 6.Nc3 O-O 7.Bd3 Bg4 8.Ne5 Be6
9.cxd5 Nxd5 10.Nxd5 cxd5 11.Bd2 Bxe5 12.dxe5 Nc6 13.f4 Rc8 14.Qa4 Qd7 15.Qa3 Bf5
16.O-O f6 17.Bxf5  1/2-1/2

[Event "V Regina Helena Marques Prol"]
[Site "Santos BRA"]
[Date "2007.05.25"]
[Round "9"]
[White "Viana da Costa,F"]
[Black "Marra,E"]
[Result "1-0"]
[WhiteElo "2288"]
[BlackElo "2290"]

1.Nf3 d5 2.d4 Nf6 3.c4 c6 4.Qc2 g6 5.Bf4 Bg7 6.e3 O-O 7.Nc3 a6 8.Bd3 b5 9.b3 Be6
10.O-O bxc4 11.bxc4 dxc4 12.Be2 Nd5 13.Bg3 Qa5 14.Rfc1 c5 15.Bxc4 cxd4 16.Bxd5 dxc3
17.Bxa8  1-0

[Event "Spring Open"]
[Site "Uzhgorod UKR"]
[Date "2007.05.27"]
[Round "6"]
[White "Panchenko,AG"]
[Black "Vovchuk,O"]
[Result "1-0"]
[WhiteElo "2365"]
[BlackElo "2121"]

1.d4 d5 2.c4 c6 3.Nf3 Nf6 4.Qc2 g6 5.g3 Bf5 6.Qb3 Qb6 7.Nc3 dxc4 8.Qxc4 Bg7
9.Bg2 Nbd7 10.Ng5 O-O 11.e4 Be6 12.Nxe6 fxe6 13.Bh3 Kh8 14.Bxe6 c5 15.d5 Ne5
16.Qe2 Rad8 17.O-O Ne8 18.f4 Nf7 19.Be3 Bd4 20.Rab1 Nfd6 21.Kh1 Ng7 22.Bh3 Qb4
23.Bg2 b5 24.Rfd1 Bxe3 25.Qxe3 e5 26.fxe5 Nc4 27.Qg5 Nxb2 28.Rdc1 Rc8 29.Rc2 Na4
30.Rxb4 cxb4 31.e6 Rxc3 32.Re2 Rd3 33.Re1 Nc3 34.e7 Rg8 35.Qf6 Nxa2 36.Rf1 Nc3
37.e8=R h5 38.Rxg8+ Kxg8 39.Qf8+ Kh7 40.Rf7 Rd1+ 41.Bf1  1-0

[Event "XXII Felix Cup"]
[Site "Felix Spa ROM"]
[Date "2007.05.28"]
[Round "6"]
[White "Fugulyan,G"]
[Black "Samu,S"]
[Result "0-1"]
[WhiteElo "2048"]
[BlackElo "2223"]

1.d4 d5 2.c4 dxc4 3.Nf3 c6 4.e4 b5 5.Nc3 a6 6.Ne5 Nf6 7.a4 Bb7 8.b3 b4 9.Bxc4 e6
10.Ne2 c5 11.f3 cxd4 12.Nxd4 Bc5 13.Be3 O-O 14.Nxf7 Kxf7 15.Bxe6+ Ke8 16.Rc1 Bxd4
17.Bxd4 Nc6 18.Bc5 Qxd1+ 19.Rxd1 Rh8 20.Kf2 Rd8 21.g4 Nd7 22.Bd6 Nf8 23.Bc4 h5
24.g5 g6 25.e5 Rh7 26.e6 Rxd6 27.Rxd6 Re7 28.Rhd1  0-1

[Event "ch-St Petersburg"]
[Site "St Petersburg RUS"]
[Date "2007.05.30"]
[Round "2"]
[White "Biriukov,O"]
[Black "Lovkov,R"]
[Result "1/2-1/2"]
[WhiteElo "2379"]
[BlackElo "2427"]

1.d4 d5 2.c4 c6 3.Nf3 Nf6 4.Qc2 g6 5.Bf4 Bf5 6.Qb3 Qb6 7.e3 Na6 8.Nc3 Nb4
9.c5 Nd3+ 10.Bxd3 Qxb3 11.axb3 Bxd3 12.Ne5 Bf5 13.b4 Nd7 14.b5 Nxe5 15.Bxe5 f6
16.bxc6 bxc6 17.Bg3 e5 18.Na4 Rb8 19.dxe5 Rb4 20.exf6 Kf7 21.Kd2 Kxf6 22.Bc7 Rb5
23.f4 Bg7 24.Be5+ Kf7 25.Bxg7 Kxg7 26.Ra3 Re8 27.b3 a5 28.Rc1 Rb4 29.Re1 d4
30.e4 Rxe4 31.Rxe4 Bxe4 32.Nb6 Bxg2 33.Nc4 a4 34.Rxa4 Rxb3 35.Ne5 Kf6 36.Rxd4 Kf5
37.Nc4 Bh1 38.Ne3+ Ke6 39.Rd6+ Ke7 40.f5 gxf5  1/2-1/2